000 00767nam a22002051 4500
001 134380
003 ES-MaACL
007 t|
008 070910s1946 ag ||||0| spa d
016 7 _zIND2000944286
040 _aM-BN
_bspa
_cCDM
100 1 _aWhite, Paul Dudley.
_9116682
245 1 0 _aEnfermedades del corazón /
_cPaul Dudley White ; versión castellana del Dr. Ricardo Antín ; prologada y supervisada por el Dr. Pedro Cossío.
250 _a3ª ed. completamente rev.
260 _aBuenos Aires :
_bEl Ateneo,
_c1946 (
_fCompañía Impresora Argentina)
300 _aXXII p., 1 h., 1056 p., 1 h., 1 h. de lám., 1 h :
_bil ;
_c25 cm.
700 1 _aAntín, Ricardo.
_921904
700 1 _aCossío, Pedro.
_941023
852 _aES-MaACL
_jE-2344
_bR.25276
999 _c134380
_d134380